Responses for Show #7591 - Monday, September 18, 2017

Contestants

[<< previous game]

Angela Ward, a family assessment writer from Longview, Texas

Andy Hyland, a university communications director from Mission, Kansas

Ellen Wernecke, a social media analyst from Chicago, Illinois (whose 2-day cash winnings total $24,910)

[next game >>]

Jeopardy! Round responses

DELI-CACIES
AUTOBIOGRAPHIES
NFL RHYMES
ISLANDS
STAMPING PHILATELY
MOVIE HAPPY ENDINGS
    $200 17
latkes

Andy
    $200 7
American Sniper

Angela
    $200 3
Rams clams

Angela
    $200 16
Sicily

Ellen
    $200 22
Forever stamps

Andy
    $200 1
The Graduate

Ellen
    $400 23
corned beef

Andy
    $400 12
(Angela: What is Hickok?)
...
(Alex: Buffalo Bill [*], Wild Bill Hickok.)

Cody

EllenAngela
    $400 8
Saints feints

Andy
    $400 18
the Outer Banks

Angela
    $400 28
(Andy: Who is Elmer Fudd?)

Bugs Bunny

AndyAngela
    $400 2
Groundhog Day

Andy
    $600 24
pumpernickel

Andy
    $600 13
(James) Watson

Andy
    $600 9
Steelers squealers

Angela
    $600 19
(Ellen: What is St. Augustine?)

Key West

EllenAngela
    $600 27
airmail

Angela
    $600 4
Casablanca

Angela
    $800 25
Nova

Triple Stumper
    $800 14
slavery

Angela
    $800 10
Browns clowns

Angela
    $800 20
(Angela: What is Catalina?)

Santa Cruz

AndyAngela
    $1,500 29
Jefferson Davis

Angela
    $800 5
Mr. Smith Goes to Washington

Ellen
    $1000 26
Mandelbrot

Triple Stumper
    $1000 15
(Nikola) Tesla

Andy
    $1000 11
Eagles legals (or paralegals)

Angela
    $1000 21
the Bismarck Archipelago

Triple Stumper
    $1000 30
Whistler

Angela
    $1000 6
Silver Linings Playbook

Triple Stumper

Scores at the first commercial break (after clue 15):

Ellen Andy Angela
$1,400 $2,400 $3,800

Scores at the end of the Jeopardy! Round:

Ellen Andy Angela
$1,000 $4,200 $7,500

Double Jeopardy! Round responses

EXIT THROUGH THE GIFT SHOP
LITERARY WORK BY CHARACTER
EXPLORERS
Y IN THE MIDDLE
WORLD FULL OF PEOPLE
LET'S STAY HOME
    $400 7
a sari

Andy
    $400 1
Moby-Dick

Andy
    $400 16
Henry Hudson

Angela
    $400 11
anonymous

Ellen
    $400 23
the Maori

Andy
    $400 26
the cord

Ellen
    $800 6
Providence

Andy
    $800 2
The Jungle Book

Angela
    $800 17
Cortés

Ellen
    $800 12
papyrus

Angela
    $800 21
Basque

Ellen
    $1200 8
the Negro Leagues

Andy
    $1200 3
The Outsiders

Ellen
    $1200 18
(Ellen: What is the North Pole?)

the Northwest Passage

EllenAndy
    $1200 13
the foyer

Ellen
    $1200 22
the Tatars

Angela
    $1200 29
[The end-of-round signal sounds.]

the Power Rangers

Angela
    $1600 9
(Ellen: What is candlepin bowling?)
(Andy: What is bowling?)

9-pin bowling

EllenAndy
Triple Stumper
    $1600 4
All the King's Men

Ellen
    $1,000 19
(Andy: Who is Magellan?)

Sir Francis Drake

Andy
    $1600 14
a Pollyanna

Triple Stumper
    $1600 24
(Alex: With less than a minute to go now.)

Minnesota

Ellen
    $1600 28
Pictionary

Ellen
    $3,000 10
(Andy: I don't know.)

the Sopwith Camel

Andy
    $2000 5
(Ellen: What is Cruel Intentions?)
(Angela: What is The Count of Monte Cristo?)

Les Liasions dangereuses, or Dangerous Liasions

EllenAngela
Triple Stumper
    $2000 20
La Salle

Ellen
    $2000 15
a pachyderm

Angela
    $2000 25
Belgium

Angela
    $2000 27
Alison Krauss

Triple Stumper

Scores at the end of the Double Jeopardy! Round:

Ellen Andy Angela
$7,800 $3,000 $13,900

[wagering suggestions for these scores]

Final Jeopardy! Round responses

THE OLD TESTAMENT
AndyWho is Esau?
$1,738
EllenWho is Malachi?
$7,800
AngelaWho is Joel?
$2,100
Obadiah

Final scores:

Ellen Andy Angela
$0 $1,262 $11,800
3rd place: $1,000 2nd place: $2,000 New champion: $11,800

Game dynamics:

Coryat scores:

Ellen Andy Angela
$7,800 $7,000 $13,200
14 R,
4 W
15 R,
4 W
(including 2 DDs)
20 R
(including 1 DD),
3 W

Combined Coryat: $28,000

[game clues] [game scores] [suggest correction]

Game tape date: 2017-04-18
The J! Archive is created by fans, for fans. Scraping, republication, monetization, and malicious use prohibited; this site may use cookies and collect identifying information. See terms. The Jeopardy! game show and all elements thereof, including but not limited to copyright and trademark thereto, are the property of Jeopardy Productions, Inc. and are protected under law. This website is not affiliated with, sponsored by, or operated by Jeopardy Productions, Inc. Join the discussion at JBoard.tv.